000 00352nam a2200145 i 4500
001 bg
100 1 _aSLADKOVSKIJ, Michail
245 0 _aChiny i Japonia /
_cMichaił Sładkowski.
260 _aWarszawa :
_bKiW,
_c1975.
700 1 _aSŁADKOWSKI, Michaił
040 _cBPK
041 _apol
942 _cKS
008 s pl f |000 0 pol
999 _c9335
_d9335
856 _uhttp://koha.tu.koszalin.pl/cgi-bin/koha/opac-detail.pl?biblionumber=9335
_yKatalog online BPK